00381nam a22001457a 450000500170000001000130001702000110003003700130004124500740005425000150012826000420014330000210018594200120020699900170021820141022104710.0 aBAC-EN21 c595.00 adplbPBD aUnderstanding Contemporary Issues in India/ccompiled by Vivek S.Raj a8th rev.ed aNew DelhibCivil Services Timesc2015 a839p.c20cm(pbk) 2ddccEN c89556d89556